Enseñanza de la filosofía e investigación filosófica en Africa

Uloženo v:
Podrobná bibliografie
Hlavní autoři: Elungu, E. P (Autor), Haddad-Chamakh, F (Autor), Hountondji, P. J (Autor), N'Diaye, A. R (Autor), Oruka, H. O (Autor), Smet, A. J (Autor), Sodipo, J. O (Autor), Sumner, C (Autor), Wahba, M (Autor), Wiredu, K (Autor)
Médium: Kniha
Jazyk:španělština
Vydáno: Barcelona Unesco 1984
Edice:Colección Temas Africanos, 20
Témata:
Tagy: Přidat tag
Žádné tagy, Buďte první, kdo vytvoří štítek k tomuto záznamu!

MARC

LEADER 00000nam a2200000 a 4500
001 UCO2364
003 CL-VaPUC
008 000602e19840000SP |||||||||||||||||spa|d
082 0 4 |a 107  |b ELU  |2 21 
100 0 |a Elungu, E. P  |e author  |9 445507 
700 0 |a Haddad-Chamakh, F  |e author  |9 445508 
700 0 |a Hountondji, P. J  |e author  |9 445509 
700 0 |a N'Diaye, A. R  |e author  |9 445510 
700 0 |a Oruka, H. O  |e author  |9 445511 
700 0 |a Smet, A. J  |e author  |9 445512 
700 0 |a Sodipo, J. O  |e author  |9 445513 
700 0 |a Sumner, C  |e author  |9 445514 
700 0 |a Wahba, M  |e author  |9 445515 
700 0 |a Wiredu, K  |e author  |9 445516 
245 1 0 |a Enseñanza de la filosofía e investigación filosófica en Africa 
300 |a 339 p 
942 |c BK 
945 |d 20000602 00:00:00  |a rherrera 
260 |a Barcelona  |b Unesco  |c 1984 
650 0 |a Filosofía (contemporánea)  |y S.XX (Siglo 20)  |9 267050 
650 7 |a EDUCACION AFRICANA  |2 CL-VaPUC  |9 445413 
650 0 |a Ciencias sociales  |v Investigación  |9 307767 
651 0 |a África  |9 256790 
583 |a last modification  |c 20170911 03:53:14  |k Rodrigo Vera 
490 0 |a Colección Temas Africanos, 20 
999 |c 288899  |d 288897 
952 |0 0  |1 0  |4 0  |6 107_000000000000000_ELU_1984  |7 0  |8 A  |9 336872  |a BIBHIS  |b BIBHIS  |d 2019-11-20  |i 1285718  |o 107 ELU 1984  |p 1285718  |r 2025-01-20  |w 2019-11-20  |y BK  |k HIS 
952 |0 0  |1 0  |4 0  |6 107_000000000000000_ELU_1984  |7 0  |8 A  |9 336873  |a BIBHIS  |b BIBHIS  |d 2019-11-20  |i 1285726  |o 107 ELU 1984  |p 1285726  |r 2025-01-20  |w 2019-11-20  |y BK  |k HIS 
952 |0 0  |1 0  |4 0  |6 107_000000000000000_ELU_1984  |7 0  |8 A  |9 336874  |a BIBHIS  |b BIBHIS  |d 2019-11-20  |i 1285734  |o 107 ELU 1984  |p 1285734  |r 2025-01-20  |w 2019-11-20  |y BK  |k HIS